000 00293nam a22001097a 4500
082 _a355.02 DAL'H
100 _aDALVI, J. P BRIGADIER
_977710
245 _aHIMALAYAN BLUNDER THE CURTAIN RAIDER TO THE SINO INDIAN WAR OF 1962
260 _aBOMBAY
_bTHACKER
_c1969
300 _a504P
942 _cBK
999 _c582929
_d582929